000 00922cad a22002175a 4500
001 L146678
008 081030s2008 xxkad f s 000 0 eng d
035 _a(Sirsi) u146678
041 0 _aeng
050 0 4 _a333.33 $2 18
110 2 _aLambert Smith Hampton
_92865
245 0 0 _aUK investment transactions (UKIT)
_bfourth quarter 2008
_h[electronic resource]
260 _a[S.l.]
_bLSH
_c2008
490 0 _aUK Investment Transactions (UKIT)
_vFourth Quarter 2008
520 _aReports that the property investment market in the fourth quarter 2008 shows that the rise in yields has accelerated significantly as the prospects for the UK economy have weakened.
590 _aKA NTK
651 4 _aUnited Kingdom
_y
690 _aPROPERTY-COMMERCIAL PROPERTY-COMMERCIAL PROPERTY FINANCE AND INVESTMENT
856 4 0 _uhttps://www.lsh.co.uk/
_zView the item free of charge after registration at www.lsh.co.uk...
942 _n0
999 _c109253
_d109253